| 000 | 01231nam a2200301Ia 4500 | ||
|---|---|---|---|
| 008 | 130821s1927 ne gr fre | ||
| 040 |
_aCo-BoUCM _bspa |
||
| 041 | 0 | 0 | _afre |
| 100 | 1 | _aEfremoff, J. | |
| 245 | 1 | 3 |
_aLa conciliation internationale _cJ. Efremoff |
| 260 |
_aLeiden (Holanda) _bA.W. Sijthoff _c1927 |
||
| 300 | _a673 páginas | ||
| 490 | 0 |
_aRecueil des Cours. _v18. _aCollected Courses of the Hague Academy of International Law |
|
| 504 | _aIncluye bibliografía e índice | ||
| 650 | 0 | 4 |
_aConciliación internacional _911469 |
| 650 | 0 | 4 |
_aDerecho internacional privado _97497 |
| 650 | 0 | 4 |
_aDerecho internacional público _97498 |
| 650 | 0 | 4 |
_aDerecho internacional _912776 |
| 700 | 1 | 2 | _aBoeck, Charles de |
| 700 | 1 | 2 | _aFur, Louis Le |
| 700 | 1 | 2 | _aWambaugh, Sarah |
| 710 | 2 | _aAcadémie de Droit International Law. | |
| 740 | 2 | 2 | _aL'expulsion et les difficultés internationales qu'en soulève la pratique / Charles de Boeck. |
| 740 | 3 | 2 | _aLa pratique des plébiscites internationaux / Sarah Wambaugh. |
| 740 | 3 | 2 | _aLa théorie du droit naturel depuis le XVII siècle et la doctrine moderne / Louis Le Fur. |
| 942 |
_a8 _e1 _kR _mR311 _cLIBROREF _2DEWEY _h341.02 |
||
| 999 |
_c45738 _d45738 |
||